Top 10 des communes de France par lettre - F - Statistiques

Statistiques générales
  • Ce quiz a été pris 113 fois
  • Le résultat moyen est 4 sur 10
Statistiques - réponses
Région/Collectivité Population Commune % Correct
Martinique 75.165 Fort-de-France
96%
Provence-Alpes-Côte-d'Azur 58.499 Fréjus
75%
Auvergne-Rhône-Alpes 22.471 Fontaine
44%
Île-de-France 29.298 Fresnes
36%
Centre-Val de Loire 21.664 Fleury-les-Aubrais
33%
Île-de-France 24.586 Fontenay-aux-Roses
28%
Île-de-France 52.646 Fontenay-sous-Bois
28%
Polynésie française 29.826 Faaa
24%
Occitanie 23.788 Frontignan
24%
Île-de-France 38.024 Franconville
22%
Aucun quiz correspondant
Distribution des résultats
% des personnes avec chaque résultat
Percentile par nombre de réponses
Votre historique - résultats
Vous n’avez pas pris ce quiz